| 000 | 02582nam0a2200421 4500 | ||
|---|---|---|---|
| 001 | RU\NLR\bibl\933455 | ||
| 005 | 20260407103205.0 | ||
| 010 |
_a5-7493-0924-X _bВ пер. _9300 |
||
| 021 |
_aRU _b2006-8439 _9404 |
||
| 035 | _a(nilc)RSL-KNO-002841387 | ||
| 035 | _a(NLR Aleph) 000921662 | ||
| 090 |
_a103712 _c103712 |
||
| 100 | _a20060310d2005 |||y0rusy50 ca | ||
| 101 | 0 | _arus | |
| 102 | _aRU | ||
| 105 | _aa ||||||||| | ||
| 106 | _ar | ||
| 200 | 1 |
_aГуманитарные исследования: теория и реальность _eсб. науч. тр. _fФедер. агентство по образованию, Гос. образоват. учреждение высш. проф. образования "Морд. гос. пед. ин-т им. М. Е. Евсевьева" _g[редкол.: Т. А. Наумова (отв. ред.) и др.] |
|
| 210 |
_aСаранск _cМГПИ им. М. Е. Евсевьева _d2005 |
||
| 215 |
_a253, [1] с., [1] л. цв. портр. _cил., табл. _d21 |
||
| 300 | _aПризнаному обществ. деят., доброму наставнику, умелому рук., талантливому учителю, ректору Морд. гос. пед. ин-та им. М. Е. Евсевьева, д-ру филол. наук, проф., зав. каф. лит., заслуж. деят. науки Респ. Мордовия, депутату Гос. Собр. Респ. Мордовия Виктору Мироновичу Макушкину посвящается | ||
| 320 | _aБиблиогр. в конце ст. | ||
| 606 | 1 |
_aМордовская филология _jСборники _91649377 _3RU\NLR\auth\66729927 |
|
| 606 | 1 |
_aГуманитарные науки _jСборники _xПреподавание _92198553 _3RU\NLR\auth\661321254 |
|
| 610 | 0 | _aОбщественные науки в целом -- Сборник статей | |
| 686 |
_aC.я43 _2rubbk |
||
| 686 | _aШ066.31я43 | ||
| 686 | _aЧ426.302я43 | ||
| 686 | _aЧ486.302я43 | ||
| 702 | 1 |
_4340 _aНаумова _bТ. А. _cканд. пед. наук _gТатьяна Андреевна _9150410 _3RU\NLR\AUTH\770150447 |
|
| 711 | 0 | 2 |
_4070 _aМордовский государственный педагогический институт им. М. Е. Евсевьева _cСаранск _9359069 _3RU\NLR\AUTH\889931834 |
| 801 | 0 |
_aRU _bРКП _c20060310 _grcr |
|
| 801 | 1 |
_aRU _bРГБ _c20060310 |
|
| 801 | 2 |
_aRU _bNLR _c20060417 _grcr |
|
| 942 | _cBOOK | ||
| 980 | _aNB | ||